=LDR 00000nam 2200000 4500 =001 NUTBA000000000001921 =005 20140523161425.0 =006 =007 =008 =020 ##$$a 978-979-3756-19-6 =035 ##$$a 0010-051400000000386 =040 ##$$a NBPDMAT =082 ##$$a 636.51 =090 ##$$a 636.51 $b Bam a =100 ##$$a Bambang Cahyono =245 ##$$a Ayam cemani ayam istimewa bernilai jual tinngi / $c Ir.Bambang Cahyono =250 ##$$a Cet.1 =260 ##$$a Jakarta : $b Puspa Mina, $c 2008 =300 ##$$a ix, 120 hlm. : $b ilus. ; $c 21 cm. =650 ##$$a Ayam Cemani =850 ##$$a NBPDMAT =990 ##$$a 21400972 =990 ##$$a 21400613/BPAP-NTB/20142014 =990 ##$$a 21400613/BPAP-NTB/20142014 =990 ##$$a 21400613/BPAP-NTB/20142014 =990 ##$$a 21400613/BPAP-NTB/20142014 =990 ##$$a 21400613/BPAP-NTB/20142014 =990 ##$$a 21400613/BPAP-NTB/20142014 =990 ##$$a 21400613/BPAP-NTB/20142014